| 000 | 00541nam a22001817a 4500 | ||
|---|---|---|---|
| 003 | OSt | ||
| 005 | 20180116183032.0 | ||
| 008 | 151222b xxu||||| |||| 00| 0 eng d | ||
| 022 | _205-278-90-1 | ||
| 024 | _205-278-90-1 | ||
| 040 | _cLahore LUMS | ||
| 082 | _a 174.4 LUM 1990 | ||
| 100 | _aQureshi Z I | ||
| 245 |
_aSINDH PAPERS LIMITED: HUMAN RESOURCE MANAGEMENT _cQureshi Z I |
||
| 260 |
_aLahore LUMS _bLahore University of Management Sciences _c1990 |
||
| 440 | _aSINDH PAPERS LIMITED: HUMAN RESOURCE MANAGEMENT | ||
| 942 |
_2ddc _cCS |
||
| 999 |
_c351060 _d351060 |
||